Biggest cities in DR Congo - Statistics

General Stats
  • This quiz has been taken 104 times
  • The average score is 6 of 15
Answer Stats
Population City % Correct
7,785,965 Kinshasa
100%
1,373,770 Lubumbashi
90%
539,158 Kisangani
72%
874,761 Mbuji-Mayi
72%
463,546 Kananga
64%
225,389 Bukavu
56%
418,000 Kolwezi
30%
422,414 Likasi
30%
180,109 Matadi
26%
267,462 Tshikapa
26%
184,185 Mbandaka
22%
186,991 Kikwit
20%
232,000 Beni
10%
189,177 Mwene-Ditu
6%
485,167 Masina
0%
No matching quizzes found
Score Distribution
Percent of People with Each Score
Percentile by Number Answered
Your Score History
You have not taken this quiz